| 000 | 00664cam a2200169Ka 4500 | ||
|---|---|---|---|
| 082 | 0 | 4 |
_a623.87 _bLAT _cL-18, P-3 |
| 100 | 1 |
_aLatham, Ernest. _942222 |
|
| 245 | 1 | 0 |
_aMarine works _ba practical treatise for maritime engineers, landowners and public authorities / _cby Ernest Latham ; with a preface by C. Le Maistre. |
| 260 |
_aLondon : _bC. Lockwood and Son, _c1922. |
||
| 300 |
_a1 online resource (xii, 174 p.) : _bill. |
||
| 526 |
_a0 _b0 _c0 _d623_870000000000000_LAT |
||
| 650 | 0 |
_aHydraulic engineering. _93526 |
|
| 650 | 0 |
_aMCE _9379 |
|
| 650 | 0 |
_aShorelines. _942223 |
|
| 856 | 4 | 0 | _uhttp://catalog.hathitrust.org/api/volumes/oclc/19837613.html |
| 942 |
_2ddc _cBK |
||
| 999 |
_c546145 _d546145 |
||